[Event "5th Open"]
[Site "Istanbul TUR"]
[Date "2006.09.01"]
[Round "3"]
[White "Khaghani,B"]
[Black "Vysochin,S"]
[Result "0-1"]
[WhiteElo "2272"]
[BlackElo "2555"]

1.d4 d5 2.c4 c6 3.Nf3 Nf6 4.Nc3 a6 5.e3 e6 6.b3 Bb4 7.Bd2 Nbd7 8.Bd3 O-O
9.O-O Bd6 10.e4 dxc4 11.bxc4 e5 12.c5 Bc7 13.Na4 exd4 14.h3 Re8 15.Re1 h6
16.Rb1 Nf8 17.Qc2 Rb8 18.Rb3 Ne6 19.e5 Nd5 20.Re4 Ng5 21.Bxg5 hxg5 22.Qb2 Qe7
23.Qxd4 Nf4 24.Bf1 Be6 25.Rb2 Bd5 26.Re3 Bxf3 27.Rxf3 Bxe5 28.Qb4 Bxb2 29.Qxb2 Rbd8
30.Bc4 Qe1+ 31.Kh2 Rd1  0-1

[Event "Universities"]
[Site "Istanbul TUR"]
[Date "2006.09.01"]
[Round "3"]
[White "Sanikidze,T"]
[Black "Ozkan,E"]
[Result "1-0"]
[WhiteElo "2418"]
[BlackElo "2256"]

1.d4 d5 2.c4 c6 3.Nf3 Nf6 4.Nc3 a6 5.e3 g6 6.Bd3 Bg7 7.O-O Bg4 8.Qb3 Bxf3
9.gxf3 b6 10.cxd5 cxd5 11.Bd2 O-O 12.Rfc1 e6 13.a4 Nbd7 14.f4 Ng4 15.h3 Nh6
16.Qd1 Nf5 17.Qf1 Qf6 18.Kh1 Nh4 19.Qe2 Nf5 20.Rg1 Kh8 21.Kh2 Rg8 22.Bxa6 Bh6
23.Bb5 Rad8 24.Rg2 g5 25.Bxd7 Rxd7 26.fxg5 Bxg5 27.f4 Bh6 28.Rxg8+ Kxg8 29.Rg1+ Kh8
30.Qg4 Rd8 31.Ne2 Rc8 32.Nc3 Ne7 33.Be1 Nf5 34.Bf2 Bg7 35.Qd1 Bh6 36.Rg4 Bf8
37.Qb3 Bd6 38.Qxb6 Rb8 39.Qa6 h5 40.Rg2 Rxb2 41.Qc8+ Kh7 42.Qg8+ Kh6 43.Nb5 Be7
44.Nc7 Nd6 45.a5 Bd8 46.Qf8+ Kh7 47.Qxd6 Be7 48.Qe5 Qxe5 49.fxe5 Bd8 50.Ne8 Bxa5
51.Rg7+ Kh6 52.Rxf7 Re2 53.Kg3  1-0

[Event "TCh-Serbia"]
[Site "Zlatibor SCG"]
[Date "2006.09.02"]
[Round "8"]
[White "Antic,De"]
[Black "Paunovic,T"]
[Result "1/2-1/2"]
[WhiteElo "2447"]
[BlackElo "2354"]

1.d4 d5 2.c4 c6 3.Nf3 Nf6 4.Nc3 a6 5.a4 e6 6.g3 Nbd7 7.Bg2 Be7 8.a5 dxc4
9.Nd2 e5 10.Nxc4 exd4 11.Qxd4 Nc5 12.Qxd8+ Bxd8 13.Be3 Ne6 14.h3 Bc7 15.Na4 h5
16.Nab6 Rb8 17.O-O-O Ke7 18.f4 g6 19.Rhf1 Rd8 20.Bd2 Nd4 21.Bb4+ Ke8 22.Rfe1 c5
23.Bc3 Bxb6 24.Nxb6 Bf5 25.e4 Be6 26.b4 Nd7 27.Nd5 Nb5 28.Bg7 cxb4 29.f5 Rdc8+
30.Kb2 Bxd5 31.exd5+ Kd8 32.fxg6 fxg6 33.d6 Rc5 34.Rd2 Nc3 35.Ra1 b6 36.axb6 Nxb6
37.Kb3 a5 38.Bd4 a4+ 39.Kc2 Rc4 40.Rf1 b3+ 41.Kb2 Nd7 42.Bxc3 a3+ 43.Kxa3 Rxc3
44.Kb2 Rxg3 45.Rf7 Ne5 46.Rf8+ Kd7 47.Rxb8 Nc4+ 48.Kc1 Nxd2 49.Bd5 Kxd6 50.Rd8+ Kc7
51.Rg8 Kd6 52.Rd8+ Ke7 53.Rb8 Nf1 54.Rb7+ Kd6 55.Bxb3 Rxh3 56.Bf7 g5 57.Rb5 Ke7
58.Rxg5 Kxf7 59.Rf5+ Kg6 60.Rxf1 Rd3 61.Rd1 Ra3 62.Kd2 h4 63.Ke2 Kg5 64.Kf2 Kg4
65.Kg2  1/2-1/2

[Event "TCh-ESP Honor Gp1"]
[Site "Olite ESP"]
[Date "2006.09.06"]
[Round "1"]
[White "Comas Fabrego,L"]
[Black "Simonet,M"]
[Result "1-0"]
[WhiteElo "2495"]
[BlackElo "2277"]

1.d4 d5 2.c4 c6 3.Nf3 Nf6 4.Nc3 a6 5.Bd2 dxc4 6.a4 Bf5 7.e3 e6 8.Bxc4 Bb4
9.O-O Nbd7 10.e4 Bg6 11.e5 Nd5 12.Nxd5 Bxd2 13.Qxd2 cxd5 14.Be2 O-O 15.Rfc1 Nb8
16.b4 Nc6 17.Bxa6 Na5 18.bxa5 Rxa6 19.Rc5 Qd7 20.Qc3 Rfa8 21.Nd2 h6 22.h3 Rc6
23.Rxc6 Qxc6 24.Qxc6 bxc6 25.Nb3 Bd3 26.Nc5 Bc4 27.Rb1 Rxa5 28.f4 g5 29.fxg5 hxg5
30.Rb7 Be2 31.Kf2 Bd1 32.Rb1 Bc2 33.Rb2 Bg6 34.Ke3 Kg7 35.Kd2 Ra8 36.Kc3 Bf5
37.Ra2  1-0

[Event "ch-EU"]
[Site "Liverpool ENG"]
[Date "2006.09.07"]
[Round "2"]
[White "Pert,N"]
[Black "Sarakauskas,G"]
[Result "1-0"]
[WhiteElo "2503"]
[BlackElo "2414"]

1.d4 d5 2.c4 c6 3.Nf3 Nf6 4.Nc3 a6 5.e3 b5 6.b3 Bg4 7.Be2 e6 8.O-O Nbd7 9.h3 Bh5
10.Bb2 Bd6 11.Ne5 Bxe2 12.Nxe2 Qc7 13.cxd5 cxd5 14.Rc1 Qb8 15.Nxd7 Nxd7 16.e4 dxe4
17.d5 O-O 18.dxe6 Nc5 19.Nf4 Bxf4 20.Rxc5 fxe6 21.Qg4 Rf7 22.Qxe6 Qe8 23.Qxe8+ Rxe8
24.Bc1 Rc7 25.Rxc7 Bxc7 26.Be3 Kf7 27.Rc1 Be5 28.Kf1 Rd8 29.Ke2 Ke6 30.Bb6 Rd3
31.Ba5 h5 32.Rc8 Kf5 33.Rh8 Kg6 34.Ra8 Bc3 35.Rxa6+ Kf5 36.Bxc3 Rxc3 37.Ra5 Rc2+
38.Ke3 Kg6 39.b4 h4 40.a3 Ra2 41.Rxb5 Rxa3+ 42.Kxe4 Ra2 43.Kf3 Rb2 44.g3 hxg3
45.Kxg3 Kf6 46.Rb8 Kf5 47.b5 Rb3+ 48.f3 Rb1 49.b6 Rb2 50.h4 Kg6 51.b7 Kh7
52.h5 Rb3 53.Kg4 Rb1 54.f4 Rg1+ 55.Kf3 Rb1 56.f5 Rb4 57.Ke3 Rb3+ 58.Kd4 Rb4+
59.Kc3 Rb6 60.Kc4 Rb1 61.h6 gxh6 62.f6  1-0

[Event "FSIMB September"]
[Site "Budapest HUN"]
[Date "2006.09.08"]
[Round "7"]
[White "Feige,M"]
[Black "Farago,S"]
[Result "1-0"]
[WhiteElo "2419"]
[BlackElo "2275"]

1.d4 d5 2.c4 c6 3.Nf3 Nf6 4.Nc3 a6 5.e3 g6 6.Bd3 Bg7 7.Qc2 O-O 8.O-O Nbd7
9.b3 Re8 10.Bb2 b5 11.h3 Bb7 12.a4 b4 13.Ne2 Qb8 14.Ng3 c5 15.e4 dxe4 16.Nxe4 cxd4
17.Bxd4 e5 18.Bb2 Nxe4 19.Bxe4 Bxe4 20.Qxe4 Nc5 21.Qe3 Qc7 22.Rad1 e4 23.Bxg7 Kxg7
24.Rd5 Rac8 25.Nd4 h6 26.f4 exf3 27.Qxf3 Ne4 28.c5 f5 29.c6 Nf6 30.Nxf5+ gxf5
31.Rxf5 Qb6+ 32.Kh1 Rxc6 33.a5 Re3 34.axb6 Rxf3 35.R5xf3 Rxb6 36.g4 Kg6 37.Rg1 Rd6
38.Kh2 Ne4 39.h4 Nd2 40.Re3 Rf6 41.Kg2 Rf4 42.Ra1 Rxg4+ 43.Rg3 Rxg3+ 44.Kxg3 Nxb3
45.Rxa6+ Kh5 46.Rb6 Nd4 47.Rxb4 Nf5+ 48.Kh3 Kg6 49.Rb6+ Kh5 50.Rb5 Kg6 51.Ra5 h5
52.Ra6+ Kg7 53.Ra1 Kh6 54.Rg1 Ne3 55.Rg5 Ng4 56.Kg3 Nf6 57.Kf4 Nh7 58.Ra5 Kg6
59.Ra6+ Kg7 60.Kf5 Nf8 61.Ra7+ Kh6 62.Ra6+ Kg7 63.Kg5 Nh7+ 64.Kxh5 Nf6+ 65.Kg5 Nh7+
66.Kf5 Nf8 67.h5 Nh7 68.h6+ Kg8 69.Ra8+ Kf7 70.Ra7+ Kg8 71.Rg7+ Kh8 72.Rf7 Kg8
73.Kg6 Nf8+ 74.Rxf8+  1-0

[Event "TCh-ESP Honor Gp1"]
[Site "Olite ESP"]
[Date "2006.09.08"]
[Round "3"]
[White "Eljanov,P"]
[Black "Simonet,M"]
[Result "1-0"]
[WhiteElo "2651"]
[BlackElo "2277"]

1.d4 d5 2.c4 c6 3.Nf3 Nf6 4.Nc3 a6 5.g3 b5 6.c5 Bf5 7.Nh4 e6 8.Bg2 Be7 9.Nxf5 exf5
10.Qd3 g6 11.Bh6 Bf8 12.Bg5 Be7 13.Bh6 Bf8 14.Bf4 Be7 15.h3 h5 16.f3 Nbd7
17.O-O-O Nf8 18.e4 Qd7 19.Be5 Rd8 20.exd5 cxd5 21.g4 b4 22.Ne2 hxg4 23.fxg4 fxg4
24.Nf4 Rxh3 25.Nxh3 gxh3 26.Bxh3 Qb5 27.Qxb5+ axb5 28.c6  1-0

[Event "EU-chB16"]
[Site "Herceg Novi MNE"]
[Date "2006.09.12"]
[Round "3"]
[White "Pileckis,E"]
[Black "Lintchevski,D"]
[Result "1/2-1/2"]
[WhiteElo "2253"]
[BlackElo "2429"]

1.d4 d5 2.c4 c6 3.Nc3 Nf6 4.Nf3 a6 5.c5 Bf5 6.Qb3 Qc8 7.h3 Nbd7 8.Bf4 e6
9.g4 Bg6 10.Na4 Be7 11.Rg1 Bd8 12.h4 h5 13.g5 Ba5+ 14.Bd2 Bxd2+ 15.Nxd2 Ng8
16.f4 Qc7 17.e3 Ne7 18.Qc3 Bf5 19.b4 Ng6 20.Rh1 f6 21.Bd3 Bxd3 22.Qxd3 f5
23.Kf2 Ke7 24.Nf3 Rhb8 25.Rab1 Kf8 26.Nd2 Ne7 27.Nb3 g6  1/2-1/2

[Event "ch-EU"]
[Site "Liverpool ENG"]
[Date "2006.09.12"]
[Round "7"]
[White "Pert,N"]
[Black "Haslinger,S"]
[Result "1/2-1/2"]
[WhiteElo "2503"]
[BlackElo "2423"]

1.d4 d5 2.Nf3 Nf6 3.c4 c6 4.Nc3 a6 5.e3 e6 6.b3 Bb4 7.Bd2 Nbd7 8.Bd3 O-O
9.O-O Bd6 10.Qc2 h6 11.Ne2 Re8 12.Ng3 c5 13.cxd5 exd5 14.Rfd1 b6 15.dxc5 bxc5
16.a3 a5 17.Bc3 Qb6 18.Rab1 Bb7 19.Qb2 Bf8 20.b4 axb4 21.axb4 d4 22.exd4 cxb4
23.Bxb4 Bxf3 24.gxf3 Rab8 25.Bc3 Qc6 26.Qd2 Rxb1 27.Bxb1 Qxf3 28.Qd3  1/2-1/2

[Event "EU-chG18"]
[Site "Herceg Novi MNE"]
[Date "2006.09.13"]
[Round "4"]
[White "Middelveld,M"]
[Black "Ivanova,T"]
[Result "1-0"]
[WhiteElo "1955"]
[BlackElo "2158"]

1.d4 d5 2.Nf3 Nf6 3.c4 c6 4.Nc3 a6 5.e3 b5 6.cxd5 cxd5 7.Ne5 e6 8.Bd3 Bd6
9.f4 O-O 10.O-O Nfd7 11.Bd2 f5 12.g4 Nf6 13.g5 Bxe5 14.dxe5 Ne4 15.Nxe4 fxe4
16.Be2 Nc6 17.Qb3 Ra7 18.Rac1 Qb6 19.Bg4 Raf7 20.Kg2 Re8 21.Bh5 g6 22.Bg4 Bb7
23.h4 a5 24.h5 a4 25.Qc2 d4 26.Qc5 Qxc5 27.Rxc5 Rd7 28.Rfc1 dxe3 29.Bxe3 Nb4
30.Rd1 Nd5 31.Kf2 Rf7 32.hxg6 hxg6 33.Rxb5 Ba6 34.Bxe6 Nxe3 35.Bxf7+ Kxf7
36.Rd7+ Re7 37.e6+ Kxe6 38.Rxe7+ Kxe7 39.Re5+ Kd6 40.Kxe3 Bb7 41.b3 axb3
42.axb3 Bd5 43.Rxd5+ Kxd5 44.b4  1-0

[Event "EU-chG18"]
[Site "Herceg Novi MNE"]
[Date "2006.09.13"]
[Round "4"]
[White "Djukic,Sa"]
[Black "Laurusaite,B"]
[Result "1-0"]
[WhiteElo "2137"]
[BlackElo "1962"]

1.d4 d5 2.c4 c6 3.Nf3 Nf6 4.Nc3 a6 5.cxd5 cxd5 6.Bf4 Nc6 7.e3 Bf5 8.Be2 e6
9.Nh4 Bg6 10.Nxg6 hxg6 11.h3 Bd6 12.Bxd6 Qxd6 13.Qb3 b5 14.Rc1 Na5 15.Qc2 Ke7
16.b3 Rac8 17.Qb2 Rc7 18.O-O g5 19.f4 gxf4 20.Rxf4 g5 21.Rf2 b4 22.Na4 Rxc1+
23.Qxc1 Ne4 24.Rf1 f5 25.Nc5 Nxc5 26.dxc5 Qc7 27.e4 Kf6 28.exd5 exd5 29.Bg4 f4
30.Re1 Nc6 31.Re6+ Kg7 32.Qb2+ d4 33.Bf3 Rh6 34.Rxh6 Kxh6 35.Bxc6 Qe5 36.Qd2 Qxc5
37.Be4 a5 38.Qc2 Qa7 39.Qc6+ Kh5 40.Qg6+ Kh4 41.Qh6+  1-0

[Event "ch-EU"]
[Site "Liverpool ENG"]
[Date "2006.09.13"]
[Round "8"]
[White "Gormally,D"]
[Black "Haslinger,S"]
[Result "1/2-1/2"]
[WhiteElo "2513"]
[BlackElo "2423"]

1.d4 d5 2.c4 c6 3.Nf3 Nf6 4.Nc3 a6 5.cxd5 cxd5 6.Bf4 Nc6 7.e3 Bg4 8.Be2 e6
9.O-O h6 10.Qb3 Bxf3 11.Bxf3 Na5 12.Qc2 Bd6 13.Bxd6 Qxd6 14.e4 dxe4 15.Nxe4 Nxe4
16.Qxe4 O-O 17.Rad1 Rad8 18.d5 exd5 19.Qe1 Qb6 20.Bxd5 Nc6 21.Qc3 Rd7 22.Rd2 Qb4
23.Rfd1 Qxc3 24.bxc3 Rc8 25.g3 Kf8 26.Be4 Rxd2 27.Rxd2 Rc7 28.Rd5 Ke7 29.Rc5 Kd6
30.Rd5+ Ke7 31.Rc5 Kd7 32.Rd5+ Kc8 33.g4 Re7 34.f3 Kc7 35.Kf2 Re5  1/2-1/2

[Event "TCh-ESP Honor Gp2"]
[Site "San Sebastian ESP"]
[Date "2006.09.15"]
[Round "3"]
[White "Candela Perez,J"]
[Black "Argandona Rivero,I"]
[Result "1/2-1/2"]
[WhiteElo "2406"]
[BlackElo "2366"]

1.d4 d5 2.c4 c6 3.Nf3 Nf6 4.Nc3 a6 5.c5 Nbd7 6.Bf4 Nh5 7.e3 g6 8.h4 Nxf4
9.exf4 b6 10.cxb6 Qxb6 11.Qd2 Rb8 12.b3 e6 13.h5 gxh5 14.Bd3 Bb4 15.Rc1 c5
16.dxc5 Qxc5 17.Bb1 Bb7 18.Qd4 Qxd4 19.Nxd4 Rc8 20.Kd2 Ke7 21.Kd3 Nc5+ 22.Ke3 f6
23.Rxh5 Ne4 24.Bxe4 dxe4 25.Nce2 Rxc1 26.Nxc1 Kf7 27.g4 Bd5 28.Nce2 Kg7 29.f5 e5
30.Ne6+ Kf7 31.Ng3 h6 32.Nxe4 Bxe6 33.fxe6+ Kxe6 34.f3 Ba3 35.Kf2 Kf7 36.f4 exf4
37.Ra5 Bb2 38.Kf3 Be5 39.Rxa6 h5 40.g5 h4 41.gxf6 h3 42.Ra7+ Kg6 43.Rg7+ Kf5
44.Rg5+ Ke6 45.Rg1 h2 46.Rh1 Rh3+ 47.Kg4 Rh8 48.Kf3 Rh3+ 49.Kg2 Re3 50.Nc5+ Kxf6
51.Nd7+ Kf5 52.Nxe5 Rxe5 53.Rxh2 Kg4 54.Kf1 Rc5 55.Rg2+ Kf3 56.Rf2+ Kg3 57.Rg2+  1/2-1/2

[Event "12th DDS League and Open"]
[Site "Tuzla BIH"]
[Date "2006.09.16"]
[Round "2"]
[White "Mrkonjic,N"]
[Black "Avdic,Ad"]
[Result "1/2-1/2"]
[WhiteElo "2378"]
[BlackElo "2288"]

1.d4 d5 2.Nf3 Nf6 3.c4 c6 4.Nc3 a6 5.c5 Bf5 6.Bf4 Nbd7 7.h3 h6 8.b4 g5 9.Bh2 Bg7
10.e3 O-O 11.Bd3 Ne4 12.Qc2 a5 13.Nxe4 dxe4 14.Bxe4 Bxe4 15.Qxe4 axb4 16.Rb1 Rxa2
17.O-O Nf6 18.Qd3 Qa5 19.Be5 Nd5 20.Bxg7 Kxg7 21.Qf5 Rg8 22.Ne5  1/2-1/2

[Event "EU-chG16"]
[Site "Herceg Novi MNE"]
[Date "2006.09.17"]
[Round "7"]
[White "Ni,V"]
[Black "Paulauskaite,G"]
[Result "1-0"]
[WhiteElo "2041"]
[BlackElo "1960"]

1.d4 d5 2.c4 c6 3.Nc3 Nf6 4.Nf3 a6 5.a4 e6 6.Bg5 h6 7.Bxf6 Qxf6 8.Qb3 Nd7
9.e4 dxe4 10.Nxe4 Qf4 11.Bd3 Be7 12.O-O O-O 13.Rfe1 c5 14.d5 exd5 15.cxd5 Nf6
16.Qc4 Nxe4 17.Rxe4 Qd6 18.Rae1 Bf6 19.R4e2 Rb8 20.Ne5 g6 21.Qf4 Bg5 22.Qg3 Qf6
23.Nxf7 Qxf7 24.Qxb8 Bh4 25.Rf1 Bf5 26.Bxf5 Qxf5 27.Qd6 c4 28.Qb6 Qd3 29.Qe6+ Rf7
30.Re3 Qf5 31.Qxf5 gxf5 32.d6 Bf6 33.Rd1 Rd7 34.Re2 Kf7 35.Rc2 b5 36.axb5 axb5
37.Rd5 Ke6 38.Rxb5 Rxd6 39.g3 Rc6 40.Re2+ Kf7 41.Rxf5 c3 42.bxc3 Rxc3 43.Ra2 Kg6
44.Rd5  1-0

[Event "5th Open"]
[Site "Izmir TUR"]
[Date "2006.09.17"]
[Round "8"]
[White "Batsiashvili,N"]
[Black "Dogantug,I"]
[Result "0-1"]
[WhiteElo "2324"]
[BlackElo "2188"]

1.d4 d5 2.c4 c6 3.Nf3 Nf6 4.Nc3 a6 5.cxd5 cxd5 6.Bf4 Nc6 7.Rc1 e6 8.e3 Bd7
9.Bd3 Be7 10.Ne5 O-O 11.O-O Be8 12.Bb1 Rc8 13.h3 Nd7 14.Qd3 f5 15.Nxc6 Rxc6
16.Na4 Ne5 17.Qb3 Nc4 18.Qxb7 e5 19.dxe5 Na5 20.Qa7 Rxc1 21.Rxc1 Bxa4 22.Qxa6 Bd7
23.e6 Bc8 24.Qa7 Nc4 25.b3 Nd6 26.Be5 Bxe6 27.Rc7 Rf7 28.Bd3 Bf8 29.Bxd6 Bxd6
30.Rxf7 Bxf7 31.Bxf5 g6 32.Bg4 Qf6 33.g3 h5 34.Bd7 Be5 35.Kg2 d4 36.Qa8+ Kg7
37.exd4 Bxd4 38.Qf3 Bd5  0-1

[Event "5th Open"]
[Site "Izmir TUR"]
[Date "2006.09.18"]
[Round "9"]
[White "Sanikidze,T"]
[Black "Georgiev,Vl"]
[Result "1-0"]
[WhiteElo "2418"]
[BlackElo "2518"]

1.d4 d5 2.c4 c6 3.Nf3 Nf6 4.Nc3 a6 5.e3 e6 6.b3 Bb4 7.Bd2 Nbd7 8.Bd3 O-O
9.O-O Qe7 10.Qc2 dxc4 11.bxc4 e5 12.Nh4 g6 13.Rab1 c5 14.d5 e4 15.Be2 Ba5
16.d6 Qe6 17.Nxe4 Bxd2 18.Nxd2 Qxd6 19.Rfd1 Qe7 20.Nhf3 Re8 21.Rb3 Nb8 22.Nb1 Nc6
23.Nc3 Nb4 24.Qb2 Ne4 25.Na4 Nc6 26.Nb6 Na5 27.Nxa8 Nxb3 28.Qxb3 b5 29.Nb6 Be6
30.Qc2 Qb7 31.Nd5 Bxd5 32.Rxd5 b4 33.Bd3 Nc3 34.Rxc5 Qb6 35.Re5 Rd8 36.Nd4 a5
37.h3 a4 38.Nb5 Nxa2 39.Qxa2 Rxd3 40.Qxa4 b3 41.Rd5 b2 42.Qb4 Rxe3 43.Qxb2 Re1+
44.Kh2 Qb8+ 45.g3 h5 46.Qd2 Re8 47.h4  1-0

[Event "5th Open"]
[Site "Izmir TUR"]
[Date "2006.09.19"]
[Round "10"]
[White "Atalik,S"]
[Black "Bojkov,D"]
[Result "1-0"]
[WhiteElo "2619"]
[BlackElo "2445"]

1.d4 d5 2.c4 c6 3.Nf3 Nf6 4.Nc3 a6 5.cxd5 cxd5 6.Bg5 Ne4 7.Bh4 Nc6 8.e3 Qa5
9.Qb3 e6 10.Bd3 Nxc3 11.bxc3 Bd6 12.O-O Qc7 13.Bg3 Bxg3 14.fxg3 h6 15.e4 dxe4
16.Bxe4 O-O 17.g4 Qf4 18.Bxc6 bxc6 19.Ne5 Qe3+ 20.Kh1 c5 21.Rae1 Qg5 22.dxc5 f6
23.Qb6 a5 24.c4 Qd2 25.Ng6 Re8 26.Qd6 Qg5 27.Ne7+ Kh8 28.Nd5 Bb7 29.c6 Rad8
30.Rxe6 Rg8 31.Qf4 Qxf4 32.Rxf4 Rge8 33.c7 Rc8 34.Rxe8+ Rxe8 35.Rf1 Rc8 36.Rc1 g6
37.Kg1 Kg7 38.Kf2 Kf7 39.Ke3 Ke6 40.Kd4 Bxd5 41.cxd5+ Kd7 42.Rc6 Rxc7 43.Rxc7+  1-0

[Event "Vojvodina Quality League m"]
[Site "Sremska Mitrovica SRB"]
[Date "2006.09.23"]
[Round "2"]
[White "Bulajic,R"]
[Black "Ivanovic,Mir"]
[Result "1-0"]
[WhiteElo "2286"]
[BlackElo "2164"]

1.d4 d5 2.c4 c6 3.Nc3 Nf6 4.Nf3 a6 5.e3 b5 6.b3 Bg4 7.Be2 e6 8.O-O Be7 9.Bb2 O-O
10.Qc2 Bf5 11.Bd3 Bxd3 12.Qxd3 dxc4 13.bxc4 b4 14.Na4 Qa5 15.Qb3 Nbd7 16.c5 Ne4
17.Rfd1 Rfd8 18.Ne1 Rdb8 19.Nd3 Qc7 20.Rac1 Bg5 21.Rc2 Rb5 22.Re2 Rd8 23.f3 Nef6
24.g3 h5 25.e4 h4 26.Kg2 Nh5 27.f4 Bh6 28.e5 g6 29.Rf1 Bf8 30.Nf2 Bxc5 31.dxc5 Nxc5
32.Nxc5 Rxc5 33.Qxb4 Rb5 34.Qe4 Rbd5 35.Bc3 Ng7 36.g4 Qd7 37.Rb1 Qc7 38.a4 c5
39.Rbb2 Ne8 40.Qf3 Qc6 41.a5 Nc7 42.Ne4 Ne8 43.Red2 Qa4 44.Qe2 Kf8 45.Ra2 Qc6
46.Qf3 c4 47.Nd6 Nc7 48.f5  1-0

[Event "Vojvodina Quality League m"]
[Site "Sremska Mitrovica SRB"]
[Date "2006.09.25"]
[Round "6"]
[White "Bodiroga,P"]
[Black "Carnic,S"]
[Result "1/2-1/2"]
[WhiteElo "2399"]
[BlackElo "2331"]

1.d4 d5 2.c4 c6 3.Nc3 Nf6 4.Nf3 a6 5.e3 b5 6.cxd5 cxd5 7.Bd3 Bg4 8.h3 Bh5
9.a4 b4 10.Ne2 Bxf3 11.gxf3 e6 12.a5 Bd6 13.Qa4+ Nfd7 14.Bd2 Qe7 15.e4 dxe4
16.fxe4 e5 17.dxe5 Qxe5 18.f4 Qe7 19.e5 Bc5 20.O-O-O O-O 21.Kb1 Ra7 22.Be4 Rd8
23.Ng3 g6 24.Bf3 Qe6 25.Bc1 Rc8 26.Bd5 Qe7 27.e6 fxe6 28.Rhe1 Nf8 29.f5 Bf2
30.Rxe6 Nxe6 31.Bxe6+ Kg7 32.Bf4 Rd8 33.Be5+ Kh6 34.Rxd8 Qxd8 35.Qc2 Be3
36.Qe2 Bg5 37.h4 Bxh4 38.Ne4 Nc6 39.Qe3+ g5 40.Bd6 Rb7 41.Qc5 Ne7 42.Qe5 Nc8
43.Bd5 Nxd6 44.Nxd6 Rd7 45.Qe6+ Kh5 46.Ne4 g4 47.Bb3 Rd1+ 48.Bxd1 Qxd1+ 49.Ka2 Qa4+  1/2-1/2

[Event "Vojvodina Quality League m"]
[Site "Sremska Mitrovica SRB"]
[Date "2006.09.25"]
[Round "6"]
[White "Levnajic,P"]
[Black "Tokovic,S"]
[Result "1/2-1/2"]
[WhiteElo "2251"]
[BlackElo "2279"]

1.d4 Nf6 2.Nf3 d5 3.c4 c6 4.Nc3 a6 5.Bg5 Nbd7 6.e3 b5 7.cxd5 cxd5 8.Bd3 Bb7
9.O-O h6 10.Bh4 e6 11.Rc1 Rc8 12.Qb3 Be7 13.a4 b4 14.Ne2 O-O 15.Bxf6 Nxf6
16.Rxc8 Qxc8 17.Rc1 Qb8 18.Ne5 Rc8 19.Qd1 Bd6 20.f4 Rxc1 21.Qxc1 Qc7 22.h3 Kf8
23.Kf2 Ke7 24.Qxc7+ Bxc7 25.Nc1 Nd7 26.Nb3 Nxe5 27.dxe5 Bb6 28.a5 Ba7 29.Nd4 Kd7
30.g4 Bb8 31.Nc2 Bc7 32.Nxb4 Bxa5 33.Nxa6 Kc6 34.e4 Bxa6 35.Bxa6 g5 36.f5 Bc7
37.fxe6 fxe6 38.Bc8 Bxe5 39.Bxe6 dxe4 40.Ke3 Bxb2 41.Kxe4 Kd6 42.Kf5 Ke7
43.Bc4 Kd6 44.Kg6 Ke5 45.Kxh6 Kf4 46.Bf1 Bf6 47.Kg6 Bd8  1/2-1/2

[Event "1st TCH-MNE"]
[Site "Herceg Novi MNE"]
[Date "2006.09.26"]
[Round "5"]
[White "Mihajlovic,V"]
[Black "Dragasevic,S"]
[Result "1-0"]
[WhiteElo "2306"]
[BlackElo "2299"]

1.d4 d5 2.Nf3 Nf6 3.c4 c6 4.Nc3 a6 5.a4 e6 6.g3 Be7 7.Bg2 O-O 8.O-O c5 9.cxd5 Nxd5
10.Nxd5 exd5 11.dxc5 Bxc5 12.Qc2 Qe7 13.Ng5 g6 14.Bxd5 Nc6 15.Ne4 Bd4 16.Bg5 Qb4
17.e3 Qxb2 18.Qc4 Ne5 19.Nf6+  1-0

[Event "Bygger'n Masters"]
[Site "Gausdal NOR"]
[Date "2006.09.27"]
[Round "4"]
[White "Hillarp Persson,T"]
[Black "Pitl,G"]
[Result "1-0"]
[WhiteElo "2549"]
[BlackElo "2380"]

1.d4 d5 2.c4 c6 3.Nf3 Nf6 4.Nc3 a6 5.a4 e6 6.Bg5 a5 7.e3 Be7 8.Be2 O-O 9.O-O Na6
10.Qb3 Nb4 11.Na2 Nxa2 12.Qxa2 h6 13.Bxf6 Bxf6 14.Rac1 Qd6 15.Rfd1 b6 16.Qb3 Ba6
17.Bd3 Rfc8 18.cxd5 Bxd3 19.Rxd3 cxd5 20.Rdc3 Rxc3 21.Rxc3 Qb4 22.g3 b5 23.axb5 Rb8
24.Qxb4 axb4 25.Rc5 Be7 26.Rc7 Bd8 27.Rc5 Be7 28.Rc6 Rxb5 29.Rc8+ Bf8 30.Ne5 Rb7
31.Rd8 f6 32.Nd7 Kf7 33.Rxf8+  1-0

[Event "15th TCh-CRO"]
[Site "Sibenik CRO"]
[Date "2006.09.28"]
[Round "7"]
[White "Cebalo,M"]
[Black "Golubovic,B"]
[Result "1/2-1/2"]
[WhiteElo "2505"]
[BlackElo "2441"]

1.d4 d5 2.c4 c6 3.Nf3 Nf6 4.Nc3 a6 5.c5 Nbd7 6.h3 Qc7 7.g3 e5 8.dxe5 Ne4
9.Nxe4 dxe4 10.Ng5 Qxe5 11.Bg2 Nf6 12.Qa4 Bxc5 13.Nxe4  1/2-1/2

[Event "1st TCH-MNE"]
[Site "Herceg Novi MNE"]
[Date "2006.09.29"]
[Round "8"]
[White "Kosic,D"]
[Black "Dragasevic,S"]
[Result "1-0"]
[WhiteElo "2506"]
[BlackElo "2299"]

1.d4 d5 2.Nf3 Nf6 3.c4 c6 4.Nc3 a6 5.Ne5 b5 6.cxd5 cxd5 7.Bf4 e6 8.e3 Be7
9.a4 b4 10.Na2 O-O 11.Bd3 Bb7 12.Rc1 Qb6 13.O-O b3 14.a5 Qxa5 15.Qxb3 Ra7
16.Ng6 Qd8  1-0

[Event "Tatry Open"]
[Site "Tatranske Zruby SVK"]
[Date "2006.09.29"]
[Round "8"]
[White "Duhayon,Y"]
[Black "Belis,R"]
[Result "1-0"]
[WhiteElo "2263"]
[BlackElo "2131"]

1.d4 d5 2.c4 c6 3.Nf3 Nf6 4.Nc3 a6 5.e3 b5 6.b3 Bg4 7.Be2 Nbd7 8.O-O e6 9.h3 Bh5
10.a4 bxc4 11.bxc4 Bd6 12.Ba3 Qc7 13.Bxd6 Qxd6 14.c5 Qc7 15.a5 O-O 16.Na4 e5
17.Nb6 Ra7 18.Rc1 e4 19.Nd2 Bxe2 20.Qxe2 g6 21.Rb1 Ne8 22.f3 exf3 23.Qxf3 f5
24.Nxd7 Qxd7 25.Qf4 Nf6 26.Nf3 Nh5 27.Qg5 Rb7 28.Ne5 Qc8 29.Rb6 Rxb6 30.axb6 a5
31.Qe7 f4 32.b7 Qf5 33.Nd7 Ng3 34.Qxf8+  1-0

[Event "Tatry Open"]
[Site "Tatranske Zruby SVK"]
[Date "2006.09.30"]
[Round "9"]
[White "Volodin,V"]
[Black "Beran,P"]
[Result "1/2-1/2"]
[WhiteElo "2257"]
[BlackElo "2139"]

1.Nf3 d5 2.d4 Nf6 3.c4 c6 4.Nc3 a6 5.a4 g6 6.Bf4 Bg7 7.e3 O-O 8.Qb3 Qa5 9.Be2 Nbd7
10.O-O Nh5 11.cxd5 Nxf4 12.exf4 c5 13.Rfd1 cxd4 14.Nxd4 Qc5 15.Ne4 Qa7 16.Nf3 Nf6
17.Nxf6+ Bxf6 18.Rac1 Bg4 19.Rc7 Rab8 20.Qe3 Qxe3 21.fxe3 Rfc8  1/2-1/2

[Event "WJun"]
[Site "Yerevan ARM"]
[Date "2006.10.05"]
[Round "3"]
[White "Esen,B"]
[Black "Smith,Ax"]
[Result "1/2-1/2"]
[WhiteElo "2464"]
[BlackElo "2215"]

1.Nf3 Nf6 2.c4 c6 3.d4 d5 4.Nc3 a6 5.a4 e6 6.Bg5 a5 7.e3 Be7 8.Bd3 O-O 9.O-O Na6
10.Ne5 Nb4 11.Be2 Nd7 12.Bf4 Nxe5 13.Bxe5 b6 14.e4 dxc4 15.Bxc4 Ba6 16.Qe2 Bxc4
17.Qxc4 Bd6 18.Rad1 Ra7 19.Bxd6 Qxd6 20.e5 Qd7 21.Rfe1 Rc7 22.h4 Qe7 23.h5 Nd5
24.Qe2 Nxc3 25.bxc3 h6 26.Rd3 Rd8 27.Rb1 c5 28.Rxb6 cxd4 29.cxd4 Rc1+ 30.Rd1 Qc7
31.Rxc1 Qxc1+ 32.Qf1 Qxf1+ 33.Kxf1 Rxd4 34.Rb8+ Kh7 35.Rf8 Rh4 36.Rxf7 Rxh5
37.f4 Kg6 38.Re7 Kf5 39.g3 g5 40.Rf7+ Ke4 41.f5 Kxe5 42.fxe6 Kxe6 43.Ra7 g4
44.Ra6+ Kd7 45.Kg2 Rd5 46.Rxh6 Rd4 47.Rh5 Rxa4 48.Kf2 Kc6 49.Rg5 Kd7 50.Ke3 Ke8  1/2-1/2

[Event "7th Veselin Boskovic Mem Op"]
[Site "Beograd SRB"]
[Date "2006.10.07"]
[Round "6"]
[White "Ostojic,N"]
[Black "Pavlovic,Milo"]
[Result "1/2-1/2"]
[WhiteElo "2412"]
[BlackElo "2507"]

1.d4 d5 2.c4 c6 3.Nf3 Nf6 4.Nc3 a6 5.c5 Bf5 6.Qb3 Qc8 7.Bf4 Nbd7 8.h3 e6
9.e3 Be7 10.Be2 Ne4 11.O-O O-O 12.Nxe4 Bxe4 13.Ne5 Bf6 14.Nxd7 Qxd7 15.Qc3 a5
16.b3 Rfc8 17.a3 Bd8 18.b4 b5 19.cxb6 Bxb6 20.Rfc1 h6 21.Bd1 axb4 22.axb4 Rxa1
23.Rxa1 Bd8 24.Rc1 Ra8 25.Qxc6  1/2-1/2

[Event "Open"]
[Site "Winterthur SUI"]
[Date "2006.10.08"]
[Round "3"]
[White "Bigg,A"]
[Black "Kurmann,O"]
[Result "1/2-1/2"]
[WhiteElo "2248"]
[BlackElo "2417"]

1.d4 d5 2.Nf3 Nf6 3.c4 c6 4.Nc3 a6 5.Bg5 Ne4 6.Bf4 Nxc3 7.bxc3 dxc4 8.e4 b5
9.Qb1 Bg4 10.Ne5 Be6 11.Be2 f6 12.Nf3 Bf7 13.a4 e6 14.O-O Be7 15.axb5 cxb5
16.e5 Bg6 17.Qc1 Be4 18.exf6 Bxf6 19.Qe3 Bd5 20.Ng5 Bxg5 21.Bxg5 Qd7 22.Bg4 O-O
23.Rae1 Re8 24.f4 Nc6 25.Qh3 g6 26.Re3 b4  1/2-1/2

[Event "7th Veselin Boskovic Mem Op"]
[Site "Beograd SRB"]
[Date "2006.10.10"]
[Round "8"]
[White "Ostojic,N"]
[Black "Jelic,G"]
[Result "1/2-1/2"]
[WhiteElo "2412"]
[BlackElo "2240"]

1.d4 d5 2.c4 c6 3.Nf3 Nf6 4.Nc3 a6 5.e3 b5 6.b3 Bg4 7.h3 Bxf3 8.Qxf3 e6 9.Bd2 Nbd7
10.Qd1 Nb6 11.cxd5 cxd5 12.a4 b4 13.Na2 a5 14.Bb5+ Nbd7 15.Rc1 Bd6 16.O-O Ne4
17.Be1 O-O 18.f3 Ng3 19.Bxg3 Bxg3 20.f4 Bh4 21.Qf3 Be7 22.Rc6 Rc8 23.Rfc1 Rxc6
24.Rxc6 Nf6 25.Nc1 Ne4 26.Nd3 Bd6 27.Nf2  1/2-1/2

[Event "Muensterland Open"]
[Site "Senden GER"]
[Date "2006.10.10"]
[Round "5"]
[White "Borovikov,V"]
[Black "Tereick,B"]
[Result "1-0"]
[WhiteElo "2578"]
[BlackElo "2302"]

1.d4 d5 2.c4 c6 3.Nc3 Nf6 4.Nf3 a6 5.e3 e6 6.b3 Bb4 7.Bd2 Nbd7 8.Bd3 O-O
9.O-O Qe7 10.Qc2 h6 11.Rfe1 Re8 12.e4 dxc4 13.Bxc4 e5 14.h3 exd4 15.e5 dxc3
16.exf6 Qd8 17.Bxh6 Nxf6 18.Ng5 Be6 19.Nxe6 fxe6 20.Bg5 Qd7 21.Bxf6 gxf6
22.a3 Bf8 23.Rad1 Qf7 24.b4 a5 25.Qxc3 axb4 26.axb4 Ra4 27.Qg3+ Kh7 28.Rd4 f5
29.Rh4+ Bh6 30.Qd6 Qf6 31.Bxe6 Kg7 32.Qg3+ Kh8 33.Qf4 Kg7 34.Qc7+ Re7 35.Qg3+ Qg5
36.Qe5+  1-0